|
|
|
|
| LEADER |
00000nam a22000007a 4500 |
| 005 |
2011101400020.0 |
| 008 |
111014s2011 cl |||||s|||| 00||0 spa d |
| 020 |
|
|
|a 956-10-2025-X
|
| 035 |
|
|
|a 5980
|
| 040 |
|
|
|a vLex
|
| 090 |
|
|
|c 2657
|d 2657
|
| 100 |
1 |
|
|a Felzensztein, Christian
|
| 245 |
1 |
0 |
|a Innovacin̤ regional y clusters
|h [Recurso electrn̤ico] :
|b Lecciones para Chile y Latinoamřica /
|c Christian Felzensztein, Jaime Olavarra̕
|
| 256 |
|
|
|a Servicio en ln̕ea.
|
| 260 |
|
|
|a [Chile] :
|b Universidad Catl̤ica Andrš Bello,
|c 2011
|
| 300 |
|
|
|a 1 recurso electrn̤ico
|
| 506 |
1 |
|
|a Contenido solo disponible en los productos indicados
|d vLex Global
|d vLex Global (Academic Edition, excluding Law Schools)
|d vLex Global (U.S. Academic Edition, Law Schools)
|d vLex Global (U.S. Academic Edition, excluding Law Schools)
|d vLex Global (Academic Edition, Law Schools)
|
| 650 |
0 |
4 |
|a Sistemas productivos locales
|z Chile
|
| 650 |
0 |
4 |
|a Innovacin̤ empresarial
|z Chile
|
| 700 |
1 |
|
|a Olavarra̕, Jaime
|
| 740 |
0 |
|
|a vLex Libros (Servicio en ln̕ea)
|
| 856 |
4 |
0 |
|u http://vlex.com/source/5980
|z Acceso restringido
|
| 942 |
|
|
|c BOOK
|